Goodbye & Good Riddance - Juice WRLD - Statistics

General Stats
  • This quiz has been taken 44 times
  • The average score is 12 of 21
Answer Stats
Songs Plays Artists % Correct
Lucid Dreams 2,985,425,969 Juice WRLD
94%
Lucid Dreams - Remix 2,985,425,969 Juice WRLD
94%
Wasted 749,553,293 Juice WRLD
89%
All Girls Are The Same 2,007,751,171 Juice WRLD
86%
Armed And Dangerous 923,269,672 Juice WRLD
69%
Candles 333,140,202 Juice WRLD
66%
Lean Wit Me 1,058,213,321 Juice WRLD, Lil Uzi Vert
63%
Black & White 592,511,266 Juice WRLD
60%
Used To 335,505,380 Juice WRLD
60%
Hurt Me 389,550,231 Juice WRLD
57%
Intro 55,887,435 Juice WRLD
57%
End Of The Road 236,274,782 Juice WRLD
54%
I'm Still 272,234,758 Juice WRLD
54%
I'll Be Fine 299,369,691 Juice WRLD
51%
Scared Of Love (with instrumental by Ghost Loft) 296,945,222 Juice WRLD
46%
Long Gone 168,756,207 Juice WRLD
43%
Karma - Skit 49,267,471 Juice WRLD
40%
Betrayal - Skit 50,329,965 Juice WRLD
37%
734 121,399,773 Juice WRLD
34%
Glo'd Up 38,208,013 Juice WRLD
23%
No Good 39,059,314 Juice WRLD
23%
No matching quizzes found
Score Distribution
Percent of People with Each Score
Percentile by Number Answered
Your Score History
You have not taken this quiz